Countries with the least deaths in World War 2 - Statistics

General Stats
  • This quiz has been taken 18 times
  • The average score is 6 of 10
Answer Stats
Country Deaths % Correct
Cuba 100
69%
Iraq 700
69%
Iceland 200
63%
Iran 200
63%
Egypt 1,100
56%
Mexico 100
56%
Switzerland 100
50%
Turkey 200
50%
Mongolia 300
44%
Nauru 600
31%
No matching quizzes found
Score Distribution
Percent of People with Each Score
Percentile by Number Answered
Your Score History
You have not taken this quiz